The message of the cross : (Record no. 3356)
[ view plain ]
| 000 -LEADER | |
|---|---|
| fixed length control field | 02016cam a22003374a 4500 |
| 001 - CONTROL NUMBER | |
| control field | 46640788 |
| 003 - CONTROL NUMBER IDENTIFIER | |
| control field | OCoLC |
| 005 - DATE AND TIME OF LATEST TRANSACTION | |
| control field | 20181108181848.0 |
| 008 - FIXED-LENGTH DATA ELEMENTS--GENERAL INFORMATION | |
| fixed length control field | 010321s2001 ilu b 000 0 eng |
| 010 ## - LIBRARY OF CONGRESS CONTROL NUMBER | |
| LC control number | 2001024409 |
| 020 ## - INTERNATIONAL STANDARD BOOK NUMBER | |
| International Standard Book Number | 0830824030 (pbk. : alk. paper) |
| 020 ## - INTERNATIONAL STANDARD BOOK NUMBER | |
| International Standard Book Number | 9781844749829 |
| 020 ## - INTERNATIONAL STANDARD BOOK NUMBER | |
| International Standard Book Number | 9780830824038 (pbk. : alk. paper) |
| 035 ## - SYSTEM CONTROL NUMBER | |
| System control number | (OCoLC)46640788 |
| 040 ## - CATALOGING SOURCE | |
| Original cataloging agency | DLC |
| Transcribing agency | DLC |
| Modifying agency | BAKER |
| -- | BTCTA |
| -- | YDXCP |
| -- | HNW |
| -- | IG# |
| -- | BSC |
| 042 ## - AUTHENTICATION CODE | |
| Authentication code | pcc |
| 082 ## - DEWEY DECIMAL CLASSIFICATION NUMBER | |
| Classification number | 232.96 |
| Item number | T558M |
| 092 ## - LOCALLY ASSIGNED DEWEY CALL NUMBER (OCLC) | |
| Classification number | 232.96 |
| Item number | T558m, 2001 |
| 100 1# - MAIN ENTRY--PERSONAL NAME | |
| Personal name | Tidball, Derek. |
| 245 14 - TITLE STATEMENT | |
| Title | The message of the cross : |
| Remainder of title | wisdom unsearchable, love indestructible/ |
| Statement of responsibility, etc. | Derek Tidball. |
| 260 ## - PUBLICATION, DISTRIBUTION, ETC. | |
| Place of publication, distribution, etc. | Downers Grove, Ill. : |
| Name of publisher, distributor, etc. | InterVarsity Press, |
| Date of publication, distribution, etc. | c2001. |
| 300 ## - PHYSICAL DESCRIPTION | |
| Extent | 341 p. ; |
| Dimensions | 21 cm. |
| 490 1# - SERIES STATEMENT | |
| Series statement | Bible speaks today |
| 500 ## - GENERAL NOTE | |
| General note | Includes study guide: p. 321-341. |
| 504 ## - BIBLIOGRAPHY, ETC. NOTE | |
| Bibliography, etc. note | Includes bibliographical references (p. 14-19). |
| 505 0# - FORMATTED CONTENTS NOTE | |
| Formatted contents note | Introduction : the cross in evangelical spirituality and theology today -- The Lord will provide (Genesis 22:1-19) -- It is the Lord's Passover (Exodus 12:1-51) -- 'This day atonement shall be made for you' (Leviticus 16:1-34) -- 'My God, my God, why?' (Psalm 22:1-31) -- Man of sorrows (Isaiah 52:13-53:12) -- Crucified Messiah (Matthew 26:1-27:56) -- Suffering servant (Mark 14:1-15:47) -- Compassionate Saviour (Luke 22:1-23:56) -- Glorious life-giver (John 18:1-19:42) -- The cross as undeserved righteousness (Romans 3:21-26) -- The cross as wise folly (1 Corinthians 1:18-2:5) -- The cross as fatal reconciliation (2 Corinthians 5:16-21; Ephesians 2:11-22; Colossians 1:19-20) -- The cross as present history (Galatians 2:20; 5:24; 6:14; Philippians 3:10-11) -- The cross as tragic victory (Colossians 2:8-15) -- Once for all (Hebrews 10:1-18) -- To this you were called (1 Peter 1:2, 18-21; 2:13-25; 3:18-22) -- God is love (1 John 4:7-14) -- Worthy is the Lamb (Revelation 5:1-14). |
| 650 #0 - SUBJECT ADDED ENTRY--TOPICAL TERM | |
| Topical term or geographic name entry element | Holy Cross. |
| 650 #0 - SUBJECT ADDED ENTRY--TOPICAL TERM | |
| Topical term or geographic name entry element | Evangelicalism. |
| 830 #0 - SERIES ADDED ENTRY--UNIFORM TITLE | |
| Uniform title | Bible speaks today. |
| 942 ## - ADDED ENTRY ELEMENTS (KOHA) | |
| Source of classification or shelving scheme | Dewey Decimal Classification |
| Koha item type | Books |
| Withdrawn status | Lost status | Source of classification or shelving scheme | Damaged status | Not for loan | Collection code | Home library | Current library | Shelving location | Date acquired | Cost, normal purchase price | Total Checkouts | Full call number | Barcode | Date last seen | Price effective from | Koha item type |
|---|---|---|---|---|---|---|---|---|---|---|---|---|---|---|---|---|
| Dewey Decimal Classification | Non-fiction | Harvest Mission College | Harvest Mission College | General Stacks | 08.11.2018 | 240.00 | 232.96 T558M | 003911 | 08.11.2018 | 08.11.2018 | Books |
